[Event "Olympiad Women-43"]
[Site "Batumi"]
[Date "2018.10.05"]
[Round "11.3"]
[White "Zhang, Jasmine Haomo"]
[Black "Blazekovic, Nina"]
[Result "1-0"]
[WhiteElo "1899"]
[BlackElo "1819"]
[PlyCount "73"]
[EventDate "2018.09.24"]
[EventType "team-swiss"]
[EventRounds "11"]
[EventCountry "GEO"]
[SourceTitle "EXT 2020"]
[Source "ChessBase"]
[SourceDate "2019.10.17"]
[SourceVersion "1"]
[SourceVersionDate "2019.10.17"]
[SourceQuality "1"]
[WhiteTeam "New Zealand (W)"]
[BlackTeam "Sweden (W)"]
[WhiteTeamCountry "NZL"]
[BlackTeamCountry "SWE"]

1. d4 Nf6 2. c4 g6 3. Nc3 Bg7 4. e4 d6 5. h3 0-0 6. Bg5 Na6 7. Qd2 e5 8. d5 c6 9. g4 cxd5 10. cxd5 Nc5 11. f3 Bd7 12. h4 Qa5 13. h5 Nb3 14. Qh2 Rfc8 15. hxg6 hxg6 16. Rd1 Nd4 17. Qh4 Ne8 18. Bh6 f6 19. Bxg7 Nxg7 20. Qh7+ Kf7 21. Rh6 Rh8 22. Qxg6+ Kg8 23. Rxh8+ Kxh8 24. Rd2 Kg8 25. Rh2 Rf8 26. Rh7 Rf7 27. g5 fxg5 28. Qh6 Re7 29. Rh8+ Kf7 30. Qxg5 Qc5 31. Rh6 Nc2+ 32. Kd2 Qf2+ 33. Be2 Ba4 34. Nxa4 Qe1+ 35. Kxc2 Rc7+ 36. Nc3 b5 37. Qf6+ 1-0

[Event "Olympiad Women-43"]
[Site "Batumi"]
[Date "2018.09.26"]
[Round "3.43"]
[White "Al Fayyadh, Zainab Asif Abdulah"]
[Black "Blazekovic, Nina"]
[Result "1/2-1/2"]
[WhiteElo "1705"]
[BlackElo "1819"]
[PlyCount "108"]
[EventDate "2018.09.24"]
[EventType "team-swiss"]
[EventRounds "11"]
[EventCountry "GEO"]
[SourceTitle "EXT 2020"]
[Source "ChessBase"]
[SourceDate "2019.10.17"]
[SourceVersion "1"]
[SourceVersionDate "2019.10.17"]
[SourceQuality "1"]
[WhiteTeam "Iraq (W)"]
[BlackTeam "Sweden (W)"]
[WhiteTeamCountry "IRQ"]
[BlackTeamCountry "SWE"]

1. e4 c5 2. Nc3 Nc6 3. g3 g6 4. Bg2 Bg7 5. d3 e6 6. f4 Nge7 7. Nf3 0-0 8. 0-0 b6 9. Be3 d5 10. Bf2 Bb7 11. Rb1 Rc8 12. Ne2 Qc7 13. c3 Rfd8 14. Qc2 Ba6 15. e5 Qd7 16. g4 d4 17. c4 b5 18. b3 bxc4 19. bxc4 Rb8 20. Ng3 Rb4 21. Ne4 Rdb8 22. Nxc5 Qc8 23. Nxa6 Qxa6 24. Nxd4 Nxd4 25. Bxd4 Nc6 26. Bc5 R4b7 27. Rxb7 Rxb7 28. Rb1 h5 29. gxh5 g5 30. Rxb7 Qxb7 31. Bxc6 Qxc6 32. Bxa7 Qf3 33. Bf2 Qg4+ 34. Kf1 gxf4 35. d4 f3 36. Be3 Qh3+ 37. Ke1 Qh4+ 38. Qf2 Qe4 39. Kd2 Qb7 40. Kc3 Qb1 41. h6 Qa1+ 42. Qb2 Qe1+ 43. Bd2 Qe4 44. Qc1 f2 45. Qf1 Qf3+ 46. Kc2 Bf8 47. c5 Be7 48. a4 Bh4 49. a5 Qe4+ 50. Kc3 Qf3+ 51. Kb4 Qe4 52. Kc3 Qf3+ 53. Kc4 Qd5+ 54. Kc3 Qf3+ 1/2-1/2

[Event "Gothenburg op"]
[Site "Gothenburg"]
[Date "2017.08.20"]
[Round "7"]
[White "Forsberg, Timmy"]
[Black "Blazekovic, Nina"]
[Result "1-0"]
[WhiteElo "2093"]
[BlackElo "1841"]
[PlyCount "89"]
[EventDate "2017.08.18"]
[EventType "swiss"]
[EventRounds "8"]
[EventCountry "SWE"]
[SourceTitle "CBM 180 Extra"]
[Source "ChessBase"]
[SourceDate "2017.10.06"]
[SourceVersion "1"]
[SourceVersionDate "2017.10.06"]
[SourceQuality "1"]

1. d4 g6 2. c4 Bg7 3. e4 d6 4. Nc3 Nc6 5. Nge2 Nf6 6. f3 0-0 7. Be3 e5 8. d5 Ne7 9. g4 c6 10. Ng3 cxd5 11. cxd5 Bd7 12. Qd2 a6 13. a4 b6 14. Bd3 Qc7 15. 0-0 Qb7 16. Ra3 Nc8 17. Qe2 Be8 18. Rb1 Nd7 19. b4 Nb8 20. Nf1 Qe7 21. Nd2 Qh4 22. Nc4 Nd7 23. Nd2 Nb8 24. Nd1 Bh6 25. Bf2 Qe7 26. Rc1 Bd7 27. Be3 Bg5 28. a5 b5 29. Rc7 Qf6 30. Rac3 Bf4 31. Rb7 h5 32. Rcc7 Rd8 33. Bxf4 Qxf4 34. Qe3 hxg4 35. Qxf4 exf4 36. fxg4 Bxg4 37. Nf2 Bd7 38. Nf3 f6 39. Nd4 Ne7 40. Ne6 Bxe6 41. dxe6 Nec6 42. Rg7+ Kh8 43. Rh7+ Kg8 44. Rbg7+ Kf8 45. Rf7+ 1-0

[Event "Gothenburg op"]
[Site "Gothenburg"]
[Date "2017.08.19"]
[Round "6"]
[White "Blazekovic, Nina"]
[Black "Cardenas, William"]
[Result "1-0"]
[WhiteElo "1841"]
[BlackElo "2114"]
[PlyCount "61"]
[EventDate "2017.08.18"]
[EventType "swiss"]
[EventRounds "8"]
[EventCountry "SWE"]
[SourceTitle "CBM 180 Extra"]
[Source "ChessBase"]
[SourceDate "2017.10.06"]
[SourceVersion "1"]
[SourceVersionDate "2017.10.06"]
[SourceQuality "1"]

1. e4 c6 2. d4 d5 3. exd5 cxd5 4. c4 Nf6 5. Nc3 Nc6 6. Nf3 Be6 7. c5 g6 8. Be2 Bg7 9. 0-0 0-0 10. Bf4 Rc8 11. h3 Ne4 12. Rc1 f6 13. Qb3 Nxc3 14. bxc3 Na5 15. Qb4 b6 16. cxb6 axb6 17. Rfe1 Bd7 18. Ba6 Ra8 19. Bd3 Nc6 20. Qb3 Ra5 21. c4 dxc4 22. Bxc4+ Kh8 23. d5 Ne5 24. Nxe5 fxe5 25. Bxe5 Bf6 26. Qe3 Rc5 27. g4 Kg8 28. g5 Bxe5 29. Qxe5 e6 30. h4 Rf5 31. dxe6 1-0

[Event "SWE-chT2 1617"]
[Site "Sweden"]
[Date "2016.10.16"]
[Round "3.1"]
[White "Nordebrink, Johan"]
[Black "Blazekovic, Nina"]
[Result "1-0"]
[WhiteElo "2126"]
[BlackElo "1892"]
[PlyCount "79"]
[EventDate "2016.10.14"]
[EventType "team-tourn"]
[EventRounds "9"]
[EventCountry "SWE"]
[SourceTitle "EXT 2017"]
[Source "ChessBase"]
[SourceDate "2016.10.25"]
[SourceVersion "1"]
[SourceVersionDate "2016.10.25"]
[SourceQuality "1"]
[WhiteTeam "Vasteras"]
[BlackTeam "Orgryte"]
[WhiteTeamCountry "SWE"]
[BlackTeamCountry "SWE"]

1. e4 c5 2. c3 Nf6 3. e5 Nd5 4. d4 cxd4 5. Nf3 Nc6 6. Bc4 Nb6 7. Bb3 d5 8. exd6 Qxd6 9. 0-0 Bf5 10. cxd4 e6 11. Nc3 a6 12. d5 Nxd5 13. Nxd5 exd5 14. Re1+ Be7 15. Qxd5 Qxd5 16. Bxd5 Nb4 17. Nd4 Bg6 18. Bxb7 Rd8 19. Nc6 Rd7 20. Rxe7+ Rxe7 21. Nxe7 Kxe7 22. Bd2 Nc2 23. Rd1 Rb8 24. Bd5 Rb5 25. Bc4 Rb6 26. Bc3 f6 27. a3 Bf7 28. Bd3 Bb3 29. Rd2 Na1 30. Bxh7 Re6 31. Bb4+ Kf7 32. Rd7+ Ke8 33. Rd3 Rc6 34. Bg6+ Bf7 35. Re3+ Kd8 36. Bxf7 Nc2 37. Ba5+ Kc8 38. Re8+ Kd7 39. Re2 Kd6 40. Re6+ 1-0

[Event "SWE-chT2 1617"]
[Site "Sweden"]
[Date "2016.10.15"]
[Round "2.5"]
[White "Blazekovic, Nina"]
[Black "Tuvesson, Mats"]
[Result "0-1"]
[WhiteElo "1892"]
[BlackElo "2042"]
[PlyCount "31"]
[EventDate "2016.10.14"]
[EventType "team-tourn"]
[EventRounds "9"]
[EventCountry "SWE"]
[SourceTitle "EXT 2017"]
[Source "ChessBase"]
[SourceDate "2016.10.25"]
[SourceVersion "1"]
[SourceVersionDate "2016.10.25"]
[SourceQuality "1"]
[WhiteTeam "Orgryte"]
[BlackTeam "Burgsvik Alva"]
[WhiteTeamCountry "SWE"]
[BlackTeamCountry "SWE"]

1. d4 Nf6 2. Nf3 c5 3. e3 e6 4. Bd3 d5 5. Nbd2 Nc6 6. c3 Bd6 7. 0-0 0-0 8. e4 dxe4 9. Nxe4 Nxe4 10. Bxe4 f5 11. Bc2 Qc7 12. Bb3 Na5 13. Bc2 Nc6 14. Bb3 Na5 15. Bc2 Nc6 16. Bb3 0-1

[Event "Vaxjo op"]
[Site "Vaxjo"]
[Date "2016.02.21"]
[Round "8"]
[White "Fransson, Patrick"]
[Black "Blazekovic, Nina"]
[Result "1-0"]
[WhiteElo "2108"]
[BlackElo "1911"]
[PlyCount "63"]
[EventDate "2016.02.19"]
[EventType "swiss"]
[EventRounds "8"]
[EventCountry "SWE"]
[SourceTitle "CBM 170 Extra"]
[Source "ChessBase"]
[SourceDate "2016.02.25"]
[SourceVersion "1"]
[SourceVersionDate "2016.02.25"]
[SourceQuality "1"]

1. d4 g6 2. c4 Nf6 3. Bg5 Bg7 4. Nc3 0-0 5. e4 d6 6. Bd3 c5 7. d5 h6 8. Bh4 Nh5 9. Nge2 g5 10. Bg3 Bg4 11. f3 Nxg3 12. Nxg3 Bd7 13. 0-0 Be5 14. Nce2 Qc8 15. Rb1 b5 16. f4 bxc4 17. fxe5 cxd3 18. Qxd3 dxe5 19. Nf5 Bxf5 20. Rxf5 f6 21. Qh3 Kg7 22. Ng3 Nd7 23. Rf3 Rh8 24. Qe6 Kf8 25. d6 Rh7 26. Rbf1 Qd8 27. Nf5 c4 28. dxe7+ Rxe7 29. Nxe7 Qxe7 30. Rxf6+ Nxf6 31. Rxf6+ Ke8 32. Qc6+ 1-0

[Event "EU-chT (Women) 20th"]
[Site "Reykjavik"]
[Date "2015.11.22"]
[Round "9.4"]
[White "Blazekovic, Nina"]
[Black "Vangsgaard, Freja"]
[Result "1/2-1/2"]
[WhiteElo "1932"]
[BlackElo "1980"]
[PlyCount "146"]
[EventDate "2015.11.13"]
[EventType "team-swiss"]
[EventRounds "9"]
[EventCountry "ISL"]
[SourceTitle "CBM 169 Extra"]
[Source "ChessBase"]
[SourceDate "2015.12.18"]
[SourceVersion "1"]
[SourceVersionDate "2015.12.18"]
[SourceQuality "1"]
[WhiteTeam "Sweden (W)"]
[BlackTeam "Denmark (W)"]
[WhiteTeamCountry "SWE"]
[BlackTeamCountry "DEN"]

1. e4 d5 2. exd5 Qxd5 3. Nc3 Qa5 4. d4 Nf6 5. Nf3 Bf5 6. Ne5 c6 7. Bc4 e6 8. Qe2 Bb4 9. Bd2 0-0 10. a3 Nbd7 11. Nxd7 Nxd7 12. g4 Bg6 13. h4 h5 14. Rg1 Nf6 15. gxh5 Bxc3 16. Bxc3 Qxh5 17. Qxh5 Bxh5 18. d5 Kh8 19. Rg5 Bf3 20. dxe6 fxe6 21. Kf1 Bd5 22. Bd3 Rf7 23. Re1 Raf8 24. Bg6 Nh7 25. Bxh7 Kxh7 26. Kg1 g6 27. h5 gxh5 28. Rxh5+ Kg6 29. Rh2 Rf5 30. Bd2 Rg8 31. f4 Rh5 32. Rxh5 Kxh5+ 33. Kf2 Rg2+ 34. Ke3 Kg4 35. Kd3 Kf5 36. Re5+ Kg4 37. Be3 b5 38. b3 Kh3 39. c4 bxc4+ 40. bxc4 Bf3 41. Bxa7 Ra2 42. Bc5 Kg4 43. Rxe6 Kxf4 44. Rf6+ Kg4 45. Bb4 Bg2 46. Ke3 Kg5 47. Rf8 Kg6 48. Kd4 Kg7 49. Rf4 Bh1 50. Kc3 Rg2 51. Bc5 Kg6 52. Bf2 Rg5 53. a4 Rf5 54. Rxf5 Kxf5 55. Kd4 Ke6 56. Kc5 Kd7 57. Kb6 Kc8 58. Ka7 c5 59. Bxc5 Kc7 60. Bb6+ Kc8 61. Bf2 Kc7 62. Ka6 Kb8 63. Kb6 Ka8 64. a5 Bf3 65. c5 Be4 66. Kc7 Bf3 67. c6 Bxc6 68. Kxc6 Kb8 69. Kd7 Ka8 70. Be1 Kb8 71. Kd8 Ka8 72. Kc8 Ka7 73. Bf2+ Ka8 1/2-1/2

[Event "EU-chT (Women) 20th"]
[Site "Reykjavik"]
[Date "2015.11.20"]
[Round "7.4"]
[White "Blazekovic, Nina"]
[Black "Skinke, Katrina"]
[Result "0-1"]
[WhiteElo "1932"]
[BlackElo "2222"]
[PlyCount "130"]
[EventDate "2015.11.13"]
[EventType "team-swiss"]
[EventRounds "9"]
[EventCountry "ISL"]
[SourceTitle "CBM 169 Extra"]
[Source "ChessBase"]
[SourceDate "2015.12.18"]
[SourceVersion "1"]
[SourceVersionDate "2015.12.18"]
[SourceQuality "1"]
[WhiteTeam "Sweden (W)"]
[BlackTeam "Latvia (W)"]
[WhiteTeamCountry "SWE"]
[BlackTeamCountry "LAT"]

1. e4 g6 2. d4 Bg7 3. Nf3 d6 4. Bc4 e6 5. 0-0 Ne7 6. Qe2 Nd7 7. c3 c6 8. a4 d5 9. Bd3 dxe4 10. Bxe4 0-0 11. Bc2 Nd5 12. Na3 b6 13. Bd2 a5 14. Bd3 Bb7 15. Nc2 Qc7 16. g3 c5 17. Bb5 cxd4 18. Ncxd4 e5 19. Nc2 Nc5 20. Rfe1 e4 21. Nfd4 Rad8 22. Rad1 Qc8 23. Ne3 Nxe3 24. Bxe3 Rd5 25. Qf1 Rfd8 26. Bc4 Rh5 27. Be2 Re5 28. Bf4 Re7 29. Nb5 Ba6 30. Rxd8+ Qxd8 31. Rd1 Rd7 32. Bc7 Qf6 33. Rxd7 Nxd7 34. Qd1 Qc6 35. Bf4 Bf8 36. Qd2 Bb7 37. Be3 Nc5 38. Bd1 Nd3 39. Nd4 Qd7 40. Ne2 Qc6 41. Nd4 Qd6 42. Nb5 Qd5 43. Nc7 Qc6 44. Nb5 Bc5 45. Nd4 Qd7 46. Ne2 Qd5 47. Nd4 Ne5 48. Qe2 Bxd4 49. cxd4 Nf3+ 50. Kg2 Qh5 51. h4 Qg4 52. Qb5 Bc8 53. Bxf3 exf3+ 54. Kf1 Qe4 55. Ke1 Bf5 56. Qc4 Qb1+ 57. Bc1 Qe4+ 58. Be3 h5 59. Kd2 Qb1 60. Qc3 Qe4 61. Ke1 Be6 62. Qc7 Qb1+ 63. Bc1 Qd3 64. Qb8+ Kh7 65. Qe5 Bb3 0-1

[Event "EU-chT (Women) 20th"]
[Site "Reykjavik"]
[Date "2015.11.17"]
[Round "5.4"]
[White "Blazekovic, Nina"]
[Black "Bhatia, Kanwal K"]
[Result "0-1"]
[WhiteElo "1932"]
[BlackElo "2072"]
[PlyCount "60"]
[EventDate "2015.11.13"]
[EventType "team-swiss"]
[EventRounds "9"]
[EventCountry "ISL"]
[SourceTitle "CBM 169 Extra"]
[Source "ChessBase"]
[SourceDate "2015.12.18"]
[SourceVersion "1"]
[SourceVersionDate "2015.12.18"]
[SourceQuality "1"]
[WhiteTeam "Sweden (W)"]
[BlackTeam "England (W)"]
[WhiteTeamCountry "SWE"]
[BlackTeamCountry "ENG"]

1. e4 e5 2. Nf3 Nc6 3. d4 exd4 4. Nxd4 Bc5 5. Nb3 Bb6 6. Nc3 d6 7. Bd3 a5 8. 0-0 Ne5 9. Nd5 Ba7 10. Be2 c6 11. Ne3 Nf6 12. f3 0-0 13. Kh1 Ng6 14. a4 Re8 15. Nf5 d5 16. Bd3 Qc7 17. Bg5 Nh5 18. Nbd4 Qe5 19. c3 h6 20. Bc1 c5 21. Ne2 Bxf5 22. exf5 Nh4 23. f4 Qe7 24. Bb5 Qe4 25. Rf2 c4 26. Ng3 Nxg3+ 27. hxg3 Bxf2 28. gxh4 Qe1+ 29. Qxe1 Rxe1+ 30. Kh2 Be3 0-1

[Event "SWE-chT 1516 Superettan"]
[Site "Sweden"]
[Date "2015.11.06"]
[Round "1"]
[White "Forsback, Lenny"]
[Black "Blazekovic, Nina"]
[Result "1-0"]
[WhiteElo "2084"]
[BlackElo "1914"]
[PlyCount "93"]
[EventDate "2015.11.06"]
[EventType "team-tourn"]
[EventRounds "9"]
[EventCountry "SWE"]
[SourceTitle "EXT 2018"]
[Source "ChessBase"]
[SourceDate "2017.10.13"]
[SourceVersion "1"]
[SourceVersionDate "2017.10.13"]
[SourceQuality "1"]
[WhiteTeam "Norrkoping Schack 08"]
[BlackTeam "Orgryte"]
[WhiteTeamCountry "SWE"]
[BlackTeamCountry "SWE"]

1. d4 Nf6 2. c4 g6 3. Nc3 Bg7 4. e4 d6 5. Nf3 0-0 6. Be2 e5 7. 0-0 Nc6 8. d5 Ne7 9. Ne1 Nd7 10. f3 f5 11. g4 f4 12. Nd3 g5 13. Bd2 h5 14. h3 Ng6 15. Be1 Kf7 16. Bf2 Rh8 17. Kg2 Nh4+ 18. Bxh4 gxh4 19. Rh1 b6 20. Rc1 Nf8 21. b4 Ng6 22. Qe1 Ba6 23. Nb2 Qg5 24. c5 Bxe2 25. Nxe2 hxg4 26. hxg4 h3+ 27. Kh2 Nh4 28. Qf2 bxc5 29. bxc5 Rab8 30. Nd3 Bf8 31. c6 Be7 32. Rb1 Rb6 33. Rxb6 axb6 34. Nc3 Ng2 35. Nb5 Bd8 36. Rc1 Qh6 37. Nb4 Bh4 38. Qe2 Bg3+ 39. Kh1 Rc8 40. Na6 Qh4 41. Naxc7 Bf2 42. Nxd6+ Kg8 43. Nf5 Qf6 44. Qxf2 Rxc7 45. Qxb6 Rc8 46. Qb7 Rf8 47. c7 1-0

[Event "SWE Cup"]
[Site "Linkoping"]
[Date "2014.09.05"]
[Round "2.2"]
[White "Blazekovic, Nina"]
[Black "Bryntze, Stefan"]
[Result "1-0"]
[WhiteElo "1883"]
[BlackElo "2192"]
[PlyCount "77"]
[EventDate "2014.09.05"]
[EventType "team-tourn"]
[EventRounds "7"]
[EventCountry "SWE"]
[SourceTitle "CBM 162 Extra"]
[Source "ChessBase"]
[SourceDate "2014.10.17"]
[SourceVersion "1"]
[SourceVersionDate "2014.10.17"]
[SourceQuality "1"]
[WhiteTeam "Orgryte"]
[BlackTeam "Stockholm Rockaden"]
[WhiteTeamCountry "SWE"]
[BlackTeamCountry "SWE"]

1. e4 e5 2. Nf3 Nc6 3. d4 exd4 4. Nxd4 Qf6 5. Be3 Bc5 6. c3 Nge7 7. Bc4 Bb6 8. 0-0 0-0 9. f4 d6 10. Qd2 Bd7 11. Na3 Rae8 12. Nac2 Na5 13. Bd3 c5 14. Nf3 Ng6 15. f5 Ne5 16. Nxe5 Qxe5 17. Kh1 c4 18. Bf4 Qb5 19. Na3 Qc6 20. Bc2 Bc5 21. f6 Re6 22. fxg7 Kxg7 23. Rae1 Rg8 24. e5 d5 25. Bf5 Re7 26. Bg5 Bxf5 27. Bf6+ Kf8 28. Bxe7+ Bxe7 29. Rxf5 d4 30. Ref1 dxc3 31. bxc3 Ke8 32. Nc2 Rg7 33. e6 b6 34. Rxf7 Rg6 35. Rxh7 Bf6 36. Nb4 Bxc3 37. Qd7+ Qxd7 38. exd7+ Kd8 39. Rf8+ 1-0